| 000 | 00757nam a22002177a 4500 | ||
|---|---|---|---|
| 003 | OSt | ||
| 005 | 20250725034039.0 | ||
| 008 | 250725b |||||||| |||| 00| 0 eng d | ||
| 020 | _a978-621-04-5044-6 | ||
| 040 |
_aDWC-Main Lib _cOC |
||
| 082 | _aFil. 371.9 Sa161l 2024 | ||
| 100 | _aSalcedo- Padilla, Cristina Rowena | ||
| 245 |
_aLearners with emotional, behavioral, language, and communication disabilities/ _cCristina Rowena Salcedo- Padilla |
||
| 250 | _a1st edition | ||
| 260 |
_aSampaloc, Manila, Philippines : _bRex Bookstore, _cc2024. |
||
| 300 |
_ax, 287 pages : _billustrations ; _c25cm. |
||
| 504 | _aIncludes index. | ||
| 650 | _a1. Inclusive education | ||
| 650 | _a2. Special education | ||
| 942 |
_2ddc _cBK - FIL _e1st edition _kFil. _n0 |
||
| 999 |
_c3815 _d3815 |
||